| 000 | 00525nam a2200181 a 4500 | ||
|---|---|---|---|
| 005 | 20210223120426.0 | ||
| 008 | 991125s1974 ea 000 0 eng u | ||
| 035 | _aUPN01000000941 | ||
| 049 | _aCE | ||
| 050 | 4 |
_aZ675 U5 _bL9.2 1974 |
|
| 100 | 1 |
_aLyle, Guy Redvers, _d1907-1994 |
|
| 245 | 1 | 4 |
_aThe administration of the college library / _cby Guy R. Lyle. |
| 250 | _a4a ed. | ||
| 260 |
_aNew York : _bH. W. Wilson, _c1974. |
||
| 300 | _a320 p. | ||
| 650 | 4 |
_aBIBLIOTECAS UNIVERSITARIAS - _xADMINISTRACION _93063 |
|
| 905 | _aLibro | ||
| 999 |
_c941 _d941 |
||